[Event "HCL-B3824"]
[Site "www.playchess.de"]
[Date "2006.01.25"]
[Round "6"]
[White "pirracas"]
[Black "nichju"]
[WhiteElo "1801"]
[BlackElo "932"]
[PlyCount "78"]
[Result "0-1"]

1.e4 e5 2.Nf3 Nc6 3.Bb5 a6 4.Bxc6 dxc6 5.Nc3 Bd6 
6.d4 Bg4 7.h3 Bxf3 8.gxf3 Nf6 9.dxe5 Bxe5 10.Bd2 
O-O 11.Qe2 b5 12.O-O-O b4 13.Na4 a5 14.Bxb4 Qe8 
15.Bxf8 Qxf8 16.Rhg1 Rb8 17.c3 Bf4+ 18.Kb1 Qa3 
19.Qd2 Bxd2 20.Rxd2 {oooops}  Qxa4 21.Rgd1 h5 
22.e5 Nd5 23.Ka1 Qc4 24.R2d4 Qb5 25.b3 Nxc3 
26.R1d3 Qxe5 27.Kb2 Na4+ 28.Kc2 Qe2+ 29.R3d2 Qb5 
30.Rxa4 Qc5+ 31.Rc4 Qf5+ 32.Rd3 Re8 33.Rxc6 Re2+ 
34.Kc3 Qe5+ 35.Rd4 Rxf2 36.Kd3 Rxf3+ 37.Kc4 Rxh3 
38.Rc5 Qe2+ 39.Kd5 Qe6+ 0-1

[Event "HCL-M821"]
[Site "www.playchess.de"]
[Date "2006.01.25"]
[Round "5"]
[White "Hassell"]
[Black "spidey"]
[WhiteElo "2362"]
[BlackElo "1878"]
[PlyCount "75"]
[Result "1-0"]

1.e4 {Hi, pleased to meet you.}  c5 {hi, please to 
meet you.  I'm from new york.}  2.Nf3 {I live in 
central London.}  d6 3.d4 cxd4 4.Nxd4 Nf6 5.Nc3 a6 
6.f4 e5 7.Nf3 Nbd7 8.Bc4 Be7 9.a4 O-O 10.O-O Qa5 
11.Kh1 exf4 12.Bxf4 Ne5 13.Nd5 Nxd5 14.Bxd5 Qc7 
15.Nxe5 dxe5 16.Bg3 Bd6 17.Qh5 g6 18.Qf3 Qe7 
19.Qf6 Qxf6 20.Rxf6 Be6 21.Bxb7 Ra7 22.Bd5 Be7 
23.Rf2 Bxd5 24.exd5 f6 25.c4 Bc5 26.Rc2 Rb7 27.Bf2 
Bxf2 28.Rxf2 Rc8 29.Rc2 Rb4 30.c5 Rd4 31.b4 Rxd5 
32.c6 e4 33.Rb1 e3 34.b5 axb5 35.axb5 Rcd8 36.h3 
Re8 37.c7 Rc8 38.b6 1-0

[Event "HCL-B3743"]
[Site "www.playchess.de"]
[Date "2006.01.25"]
[Round "18"]
[White "Jule"]
[Black "Walter_Vieira"]
[WhiteElo "1366"]
[BlackElo "1505"]
[PlyCount "132"]
[Result "0-1"]

1.d4 {Hi, good luck}  Nf6 {Danke. Gleichfalls!!}  
2.Nc3 g6 3.Bf4 d5 4.h3 Bg7 5.e3 Nbd7 6.Nb5 e5 
7.dxe5 Nh5 8.Bh2 Bxe5 9.Qxd5 c6 10.Nd6+ Bxd6 
11.Qxd6 Qa5+ 12.c3 Ng7 13.Bc4 Nf5 14.Qd2 O-O 
15.Nf3 Qc5 16.Bb3 Qe7 17.O-O Nc5 18.Bc2 Rd8 19.Qc1 
Nh4 20.Nxh4 Qxh4 21.Bg3 Qe7 22.Re1 b6 23.e4 Nd3 
24.Bxd3 Rxd3 25.Re3 Ba6 26.Rxd3 {I wish happy 
Christmas. All your wishes ´ld like to arrive you} 
 Bxd3 {Viele Danke mein Freund. Gleichfalls!!!}  
27.e5 a5 28.Qe3 Bb5 29.Qxb6 Qe6 30.b3 a4 31.bxa4 
Rxa4 32.Qb8+ Kg7 33.Qd6 Bc4 34.a3 Bd5 35.Bf4 {I 
wish a happy new year 2006}  Rxf4 {The same to 
you.}  36.a4 Re4 37.a5 Qxe5 38.Qxe5+ Rxe5 39.a6 c5 
40.a7 Re8 41.Ra5 Rc8 42.c4 Ba8 43.f4 Kf6 44.Kf2 
Kf5 45.g3 Ke4 46.Ke2 Kd4 47.Rb5 Rc7 48.Ra5 Kxc4 
49.Ke3 Kb4 50.Ra1 Rd7 51.g4 Kb5 52.Rb1+ Ka6 
53.Ra1+ Kb6 54.Ra3 Rxa7 55.Rxa7 Kxa7 56.Kd3 Bd5 
57.h4 Ka6 58.Kc3 Kb5 59.h5 gxh5 60.gxh5 h6 61.Kb2 
Bf3 62.f5 Bxh5 63.f6 Bg6 64.Kc1 h5 65.Kd1 h4 
66.Ke1 c4 0-1

[Event "HCL-B3754"]
[Site "www.playchess.de"]
[Date "2006.01.25"]
[Round "10"]
[White "Nulnulnix"]
[Black "googleforu"]
[WhiteElo "1332"]
[BlackElo "1202"]
[PlyCount "71"]
[Result "1-0"]

1.e4 {Hello again}  e5 2.Nf3 Nc6 3.Bb5 a6 4.Bxc6 
bxc6 5.c4 d6 6.d4 Nf6 7.Nc3 Bb7 8.Bg5 h6 9.Bxf6 
Qxf6 10.d5 cxd5 11.cxd5 Be7 12.Qa4+ Kd8 13.Rc1 Rc8 
14.b4 c6 15.O-O Rc7 16.dxc6 Rxc6 17.Nd5 Qe6 
18.Qa5+ Ke8 19.Rxc6 {I'll take a break this 
evening. I'll meet you again the 28.12.2006.}  
Bxc6 20.Nc7+ {Hi, I'm back to the games !}  Kd7 
21.Nxe6 fxe6 22.Re1 Bb5 23.Rc1 Rc8 24.Rxc8 Kxc8 
25.Qa3 Bc4 26.Nd2 Bb5 27.Qb3 Kd7 28.a4 Bc6 29.b5 
axb5 30.axb5 Bb7 31.f3 d5 32.exd5 exd5 33.Qc2 Bg5 
34.Nb3 Be3+ 35.Kf1 Ke8 36.Qc7 1-0

[Event "HCL-E1509"]
[Site "www.playchess.de"]
[Date "2006.01.25"]
[Round "18"]
[White "Eishockeytorwart"]
[Black "puddschini"]
[WhiteElo "1944"]
[BlackElo "2043"]
[PlyCount "88"]
[Result "0-1"]

1.e4 {willkommen aus Mönchengladbach}  e5 
{Willkommen aus Oer-Erkenschwick}  2.Nf3 Nc6 3.Bc4 
Nf6 4.Ng5 d5 5.exd5 Nd4 6.d6 Qxd6 7.Bxf7+ Ke7 
8.Bb3 Nxb3 9.axb3 h6 10.Nf3 e4 11.Ng1 Kf7 12.Ne2 
Qc5 13.Nbc3 Bd6 14.h3 Qg5 15.Kf1 Qg6 16.Nb5 Rd8 
17.Nxd6+ Rxd6 18.Nc3 {wünsche Ihnen ein schönes 
Weihnachtsfest}  Be6 {Danke, wünsche ich Ihnen 
auch.}  19.Qe2 Kg8 20.Ra4 Bd5 21.Nxd5 Rxd5 22.Kg1 
a6 23.Kh2 b5 24.Ra1 Rg5 25.Rg1 Ng4+ 26.Kh1 Rh5 
27.Rf1 Rf8 28.d3 Rf3 29.Qxe4 Nxf2+ 30.Rxf2 Qxe4 
31.Rxf3 Qe1+ 32.Kh2 Rg5 33.Bxg5 Qxa1 34.Bf4 Qxb2 
35.Rf2 c5 36.Bc7 Qa1 37.Bd6 Qd4 38.Bg3 a5 39.Re2 
a4 40.bxa4 bxa4 41.Re4 Qd7 42.Rc4 Qa7 43.Bf2 a3 
44.Bxc5 Qc7+ 0-1

[Event "HCL-C3985"]
[Site "www.playchess.de"]
[Date "2006.01.25"]
[Round "17"]
[White "Milosforman"]
[Black "Grunert"]
[WhiteElo "1006"]
[BlackElo "929"]
[PlyCount "51"]
[Result "1-0"]

1.d4 d5 2.Nf3 e6 3.e3 Nc6 4.Bb5 Bd7 5.Bxc6 Bxc6 
6.Nbd2 Be7 7.b3 Nf6 8.h3 O-O 9.O-O h6 10.c4 dxc4 
11.Nxc4 a6 12.a4 a5 13.Bd2 b6 14.Nce5 Bd7 15.Nxd7 
Qxd7 16.Re1 Ne4 17.Qc2 Nxd2 18.Nxd2 Bb4 19.Re2 
Rac8 20.Ne4 Qd5 21.Ng3 Rfd8 22.Rd1 c5 23.e4 Qb7 
24.e5 Rc7 25.dxc5 bxc5 26.Rxd8+ 1-0

[Event "HCL-B3856"]
[Site "www.playchess.de"]
[Date "2006.01.25"]
[Round "10"]
[White "chessH"]
[Black "evets"]
[WhiteElo "1262"]
[BlackElo "1392"]
[PlyCount "42"]
[Result "0-1"]

1.e4 c5 2.Nf3 Nc6 3.Be2 e5 4.O-O Nf6 5.d3 d5 
6.exd5 Nxd5 7.Nc3 Nxc3 8.bxc3 Bd6 9.h3 O-O 10.Ba3 
b6 11.d4 e4 12.Nh2 Bxh2+ 13.Kxh2 Qc7+ 14.Kh1 Rd8 
15.d5 Qe5 16.c4 Rd6 17.Qc1 Rh6 18.f4 exf3 19.Bxf3 
Bxh3 20.gxh3 Rxh3+ {Mate in two.  Good Game.  
Thank You!}  21.Kg1 {sure!}  Qh2+ 0-1

[Event "HCL-A2482"]
[Site "www.playchess.de"]
[Date "2006.01.25"]
[Round "4"]
[White "AidyT"]
[Black "scylla"]
[WhiteElo "1345"]
[BlackElo "1451"]
[PlyCount "74"]
[Result "0-1"]

1.e4 {Hi from Scotland and good luck.}  c5 2.Nf3 
d6 3.d4 cxd4 4.Nxd4 Nf6 5.Nc3 a6 6.Bg5 e6 7.Bd3 
Be7 8.O-O Nbd7 9.Re1 O-O 10.h4 h6 11.Be3 Ne5 12.f3 
Nh5 13.Bf2 Bxh4 14.Qd2 Bxf2+ 15.Qxf2 Qg5 16.Nce2 
Nxd3 17.cxd3 e5 18.Nb3 Nf4 19.Nxf4 Qxf4 20.g3 Qg5 
21.f4 exf4 22.Qxf4 Qxf4 23.gxf4 Be6 24.f5 Bxb3 
25.axb3 Rfc8 26.Rec1 Kf8 27.Rc3 Ke7 28.Rac1 Kd7 
29.Kg2 Rxc3 30.Rxc3 Rc8 31.Kf3 Rxc3 32.bxc3 Kc6 
33.Ke3 a5 34.Kd4 b5 35.e5 dxe5+ 36.Kxe5 a4 37.bxa4 
bxa4 0-1

[Event "HCL-E1511"]
[Site "www.playchess.de"]
[Date "2006.01.25"]
[Round "8"]
[White "Toni76"]
[Black "hal1958"]
[WhiteElo "1819"]
[BlackElo "1534"]
[PlyCount "73"]
[Result "1-0"]

1.d4 Nf6 2.c4 c5 3.d5 e6 4.Nc3 exd5 5.cxd5 d6 6.e4 
a6 7.a4 g6 8.Bd3 Bg7 9.h3 O-O 10.Nf3 Nbd7 11.Bf4 
Qe7 12.O-O Ne8 13.Re1 Ne5 14.Nxe5 Bxe5 15.Qd2 Bd7 
16.a5 Rb8 17.Na4 Bxa4 18.Rxa4 Qf6 19.Bg5 Qh8 
20.Be7 Bxb2 21.Rb1 Bc3 22.Qh6 Bg7 23.Qd2 Bc3 
24.Qe2 {merry christmas!}  Qe5 {and a Merry XMas 
to you}  25.Bxf8 Kxf8 26.Bxa6 Nf6 27.Bd3 Bb4 28.a6 
bxa6 29.Rxa6 Rd8 30.Rba1 h5 31.Qe3 Kg7 32.R1a2 Qe7 
33.R6a7 Qe8 34.Rb7 Ra8 35.Raa7 Rxa7 36.Rxa7 Nd7 
37.Bb5 1-0

[Event "HCL-B3819"]
[Site "www.playchess.de"]
[Date "2006.01.25"]
[Round "7"]
[White "Snillie"]
[Black "schnitzly"]
[WhiteElo "1479"]
[BlackElo "1301"]
[PlyCount "57"]
[Result "1-0"]

1.c4 Nf6 2.g3 g6 3.Bg2 Bg7 4.Nc3 Nc6 5.d3 e6 6.e4 
d6 7.Nge2 O-O 8.O-O Bd7 9.h3 e5 10.Be3 Qc8 11.Kh2 
h5 12.f3 Nh7 13.Nd5 f5 14.b4 a6 15.b5 axb5 16.cxb5 
Nf6 17.Nxf6+ Rxf6 18.bxc6 Bxc6 19.Qb3+ Kh7 20.Nc3 
f4 21.gxf4 exf4 22.Bd4 Rf8 23.Ne2 Ra4 24.Bxg7 Kxg7 
25.Rfg1 Ra5 26.Nd4 Bd7 27.Rac1 g5 28.Qc3 Rc5 
29.Ne6+ 1-0

[Event "HCL-B3840"]
[Site "www.playchess.de"]
[Date "2006.01.25"]
[Round "6"]
[White "BLUEFLASH"]
[Black "PhilipKaveny"]
[WhiteElo "1200"]
[BlackElo "1353"]
[PlyCount "82"]
[Result "0-1"]

1.e3 e5 2.Nh3 d5 3.Qf3 Bxh3 4.Qxh3 Nf6 5.a4 Nc6 
6.Nc3 Be7 7.Bd3 e4 8.Bb5 O-O 9.f3 a6 10.Be2 Bb4 
11.fxe4 Bxc3 12.dxc3 Nxe4 13.O-O Ne7 14.Rf4 Ng6 
15.Rg4 f5 16.Rg3 Nxg3 17.hxg3 Qf6 18.e4 dxe4 
19.Bc4+ Kh8 20.Kf2 f4 21.Bxf4 Nxf4 22.gxf4 Qxf4+ 
23.Kg1 Qf5 24.Be6 Qxh3 25.Bxh3 e3 26.Re1 Rae8 
27.c4 g5 28.c5 h5 29.Rf1 g4 30.Bxg4 Rxf1+ 31.Kxf1 
hxg4 32.Ke2 b5 33.axb5 axb5 34.c6 Re6 35.b4 Rxc6 
36.c4 Rxc4 37.g3 Rxb4 38.Kxe3 c5 39.Kd3 Rb3+ 
40.Kc2 Rxg3 41.Kb2 c4 0-1

[Event "HCL-E1519"]
[Site "www.playchess.de"]
[Date "2006.01.25"]
[Round "35"]
[White "Emerson"]
[Black "Eishockeytorwart"]
[WhiteElo "1726"]
[BlackElo "1944"]
[PlyCount "116"]
[Result "1/2-1/2"]

1.d4 d5 {auf ein neues}  2.e3 {auf ein gutes 
match!}  Bf5 3.Bd3 Bxd3 4.cxd3 e6 5.Nf3 c6 6.Qb3 
Qb6 7.Qxb6 axb6 8.Nc3 Bd6 9.Bd2 Ne7 10.O-O O-O 
11.a3 Nd7 12.Rac1 Ng6 13.Rfd1 Ra7 14.e4 b5 15.Ne2 
{wünsche ein frohes Weihnachtsfest}  dxe4 {auch 
Ihnen ein  schönes Fest}  16.dxe4 Nb6 17.d5 exd5 
18.Be3 Ra6 19.Bxb6 Rxb6 20.exd5 c5 21.Kf1 b4 
22.Ng3 bxa3 23.bxa3 Rc8 24.Ne4 f5 25.Ned2 Ra6 
26.Nc4 b5 27.Nxd6 Rxd6 28.Nd4 Rxd5 29.Nxb5 Rxd1+ 
30.Rxd1 c4 31.Nd6 Rc5 32.Ke2 c3 33.Ke3 Ne7 34.Rc1 
c2 35.a4 f4+ 36.Ke2 Nd5 37.Nb5 Nb4 38.Na3 Re5+ 
39.Kd2 Rg5 40.Nxc2 Nxc2 41.Rxc2 {(offering draw)}  
Rxg2 {das möchte ich noch weiter spielen}  42.Ke2 
{hatte ich schon befürchtet   :-((}  Rxh2 43.a5 
Rh6 44.Kf3 Ra6 45.Rc5 h6 46.Kxf4 Kf7 47.Ke4 g6 
48.f4 h5 49.Re5 Ra7 50.Kf3 Kg7 51.Kg3 Ra8 52.Rb5 
Kh7 53.Kh4 Kh6 54.Rc5 Ra6 55.Rd5 Rc6 56.Rd4 Re6 
57.Rb4 Rf6 58.Kg3 Ra6 {(offering draw)} 
 1/2-1/2

[Event "HCL-C3874"]
[Site "www.playchess.de"]
[Date "2006.01.25"]
[Round "21"]
[White "Milosforman"]
[Black "sweendog"]
[WhiteElo "1085"]
[BlackElo "776"]
[PlyCount "135"]
[Result "1-0"]

1.d4 d5 {hello
}  2.Nf3 e6 3.e3 Nc6 4.Bb5 a6 5.Bxc6+ bxc6 6.h3 
Bb4+ 7.c3 Ba5 8.b4 Bb6 9.a4 Nf6 10.a5 Ba7 11.Qa4 
O-O 12.Qxc6 Rb8 13.Qa4 Bd7 14.Qb3 Ne4 15.O-O Nd6 
16.Ba3 Nc4 17.Nbd2 Nxa3 18.Rxa3 Bb5 19.c4 dxc4 
20.Nxc4 c6 21.Nfe5 Bxd4 22.exd4 Qxd4 23.Qe3 Rbd8 
24.Qxd4 Rxd4 25.Rc1 Bxc4 26.Rxc4 Rd1+ 27.Kh2 f6 
28.Nxc6 f5 29.Ne7+ Kf7 30.Rc7 Rf1 31.Nxf5+ Kf6 
32.Nxg7 Rxf2 33.Rf3+ Rxf3 34.gxf3 Kg6 35.Nxe6 Rf6 
36.Rg7+ Kf5 37.Ng5 h6 38.Nf7 Kf4 39.Rg4+ Kxf3 
40.Ne5+ Ke2 41.Kg3 h5 42.Re4+ Kd2 43.Rf4 Re6 
44.Nc4+ Kc3 45.Nb6 Kb3 46.Nd5 Ka4 47.b5+ Kxa5 
48.b6 Rg6+ 49.Kh4 Rxb6 {i am clawing to stay 
alive}  50.Nxb6 Kxb6 51.Kxh5 a5 52.Kg5 Kb5 53.h4 
a4 54.Rxa4 Kxa4 55.h5 Ka3 56.h6 Kb2 57.h7 Kc2 
58.h8Q Kd2 {i'm dead?!?}  59.Kf4 {what do u think 
abt?...}  Kd3 {don't know...i would say put me out 
of my misery or draw?}  60.Qe5 {i say u have no 
chances... anyway let's play if u like! ;o)}  Kd2 
{alright- i'll keep running!}  61.Qe3+ {;o)}  Kc2 
62.Ke4 Kb2 63.Kd4 Kc2 64.Qd3+ Kb2 65.Kc4 Ka2 
66.Qc2+ Ka3 67.Qb1 {nice game}  Ka4 {is it over?}  
68.Qb4+ {yes it is}  1-0

[Event "HCL-C4006"]
[Site "www.playchess.de"]
[Date "2006.01.25"]
[Round "5"]
[White "Dereck"]
[Black "qqq"]
[WhiteElo "1371"]
[BlackElo "1465"]
[PlyCount "58"]
[Result "0-1"]

1.d4 d5 2.Nc3 e6 3.Nf3 c5 4.Bf4 Nc6 5.Nb5 Qa5+ 
6.Nc3 cxd4 7.Nxd4 Bb4 8.Qd2 Nf6 9.e3 O-O 10.Bd3 
Re8 11.Nde2 e5 12.Bg5 d4 13.exd4 exd4 14.Bxf6 gxf6 
15.O-O dxc3 16.Nxc3 Qg5 17.f4 Bc5+ 18.Kh1 Qh4 
19.Rf3 Kf8 20.Ne4 Bg4 21.Rg3 Bb6 22.Qc3 Bd4 
23.Qa3+ Re7 24.c3 Bb6 25.h3 Bf5 26.Nd6 Qxg3 
27.Nxf5 Qxd3 28.Nxe7 Nxe7 29.Re1 
Re8 0-1

[Event "HCL-B3799"]
[Site "www.playchess.de"]
[Date "2006.01.25"]
[Round "18"]
[White "Bense"]
[Black "gronico"]
[WhiteElo "1012"]
[BlackElo "1121"]
[PlyCount "86"]
[Result "0-1"]

1.e4 g6 2.Nc3 Bg7 3.d4 d6 4.h3 Nf6 5.Nf3 Nc6 6.Bf4 
O-O 7.e5 dxe5 8.dxe5 Qxd1+ 9.Rxd1 Nd7 10.Bb5 Ncxe5 
11.Bxe5 Nxe5 12.Nxe5 Bxe5 13.Bc4 Bf5 14.Rd5 Be6 
15.Rxe5 Bxc4 16.Rxe7 Rae8 17.Rxe8 Rxe8+ 18.Kd2 
Rd8+ 19.Kc1 a6 20.b3 Bd5 21.Rd1 c6 22.a4 Kf8 23.b4 
Ke7 24.g4 h5 25.g5 Bg2 26.Rxd8 Kxd8 27.h4 Kd7 
28.a5 Bd5 29.Na4 Kc7 30.Nc5 Bc4 {(offering draw)}  
31.Kb2 b6 32.axb6+ Kxb6 {(offering draw)}  33.Nd7+ 
Kb5 34.c3 a5 35.bxa5 Kxa5 36.Ne5 Kb5 37.Nxf7 Bxf7 
38.Kc2 Kc4 39.Kd2 Kd5 40.f4 Ke4 41.c4 Bxc4 {it's 
time to resign...}  42.Kc3 {You do not need to do 
that! However you may if you wish?}  Bd5 {i'm not 
member i have limited games to play. however...if 
U think u can win...}  43.Kb4 Kxf4 0-1

[Event "HCL-A2556"]
[Site "www.playchess.de"]
[Date "2006.01.25"]
[Round "18"]
[White "zemljanin"]
[Black "Andy1"]
[WhiteElo "1403"]
[BlackElo "1446"]
[PlyCount "37"]
[Result "1-0"]

1.d4 {hello and happy new year}  Nf6 2.c4 g6 3.Nc3 
Bg7 4.e4 d6 5.Bg5 O-O 6.Bd3 e6 7.e5 dxe5 8.dxe5 
Nbd7 9.exf6 Bxf6 10.Bxf6 Qxf6 11.Qf3 Qe7 12.Nge2 
Rd8 13.O-O-O Qg5+ 14.Kc2 Ne5 15.Qg3 Qxg3 16.Nxg3 
a6 17.f3 b6 18.Be4 Rb8 19.Rxd8+ 1-0

[Event "ACL-A655"]
[Site "www.playchess.de"]
[Date "2006.01.25"]
[Round "20"]
[White "novice1"]
[Black "Chascarrillo"]
[WhiteElo "1500"]
[BlackElo "2132"]
[PlyCount "30"]
[Result "0-1"]

1.e4 e5 2.Nf3 Nc6 3.Nc3 Nf6 4.Bc4 Nxe4 5.Nxe4 d5 
6.Bb5 dxe4 7.Nxe5 Qg5 8.Bxc6+ bxc6 9.Nxc6 Qxg2 
10.Rf1 Bg4 11.f3 Bxf3 12.Rxf3 exf3 13.Qxf3 Qxf3 
14.Nd4 Qh1+ 15.Ke2 Qe4+ 0-1

[Event "HCL-C4102"]
[Site "www.playchess.de"]
[Date "2006.01.25"]
[Round "1"]
[White "chimiel"]
[Black "Maneco"]
[WhiteElo "1100"]
[BlackElo "1191"]
[PlyCount "65"]
[Result "1-0"]

1.e4 e5 {Hi, have a nice game!}  2.f4 d5 3.exd5 
Qxd5 4.d3 Bc5 5.Nc3 Bb4 6.Nf3 Bxc3+ 7.bxc3 Bg4 
8.Be3 Bxf3 9.gxf3 Nf6 10.c4 Qc6 11.Bg2 exf4 
12.Bxf4 O-O 13.O-O Na6 14.Be3 Nb4 15.a3 Qe6 16.Qd2 
Nxc2 17.Qxc2 Qxe3+ 18.Kh1 Nh5 19.f4 c6 20.Qb3 Nxf4 
21.Qxb7 Nxd3 22.Qxc6 Nf2+ 23.Kg1 Ne4+ 24.Kh1 Nf2+ 
25.Kg1 Ng4+ 26.Kh1 Qh6 27.Qxh6 Nxh6 28.Bxa8 Rxa8 
29.c5 Rc8 30.Rab1 g6 31.Rfc1 Nf5 32.c6 Rc7 
33.Rb7 1-0

[Event "HCL-E1560"]
[Site "www.playchess.de"]
[Date "2006.01.25"]
[Round "3"]
[White "Josef1901"]
[Black "XANDERKIRV"]
[WhiteElo "1561"]
[BlackElo "1455"]
[PlyCount "45"]
[Result "1/2-1/2"]

1.d4 d5 2.c4 e6 3.Nf3 Nf6 4.Bg5 Be7 5.e3 dxc4 
6.Bxc4 c6 7.O-O O-O 8.Nc3 b5 9.Bd3 Bb7 10.Ne5 Nbd7 
11.Rc1 Nxe5 12.dxe5 Nd7 13.Bf4 Nc5 14.Bb1 Qxd1 
15.Rfxd1 Rfd8 16.Ne4 Rxd1+ 17.Rxd1 Nxe4 18.Bxe4 
Rd8 19.Rxd8+ Bxd8 20.Kf1 a5 21.Ke2 h6 22.Kd3 Bb6 
23.Bg3 {(offering draw)}  1/2-1/2

[Event "HCL-A2582"]
[Site "www.playchess.de"]
[Date "2006.01.25"]
[Round "2"]
[White "Themistocle"]
[Black "peta"]
[WhiteElo "1600"]
[BlackElo "1403"]
[PlyCount "21"]
[Result "1-0"]

1.e4 {Que tal? Me llama Eugenio. Para servirle... 

:-)}  e5 {gracias,yo me llamo Hugo,espero que sea 
una buena partida}  2.f4 exf4 3.Nf3 f6 4.Bc4 g5 
5.Nxg5 Qe7 6.Qh5+ Kd8 7.Nf7+ Ke8 8.Nxh8+ Kd8 
9.Bxg8 Qxe4+ 10.Qe2 Qxc2 11.Nf7+ 1-0

[Event "HCL-E1481"]
[Site "www.playchess.de"]
[Date "2006.01.25"]
[Round "4"]
[White "One_i"]
[Black "steady_eddie"]
[WhiteElo "1693"]
[BlackElo "1744"]
[PlyCount "76"]
[Result "1-0"]

1.d4 {Hi, have a good game.}  Nf6 {hi u2}  2.Bf4 
g6 3.e3 Bg7 4.Nf3 d6 5.Bc4 O-O 6.O-O c6 7.Nbd2 Bg4 
8.h3 Bxf3 9.Qxf3 Nbd7 10.c3 Re8 11.d5 cxd5 12.Bxd5 
Rb8 13.Bb3 Nc5 14.Rfd1 Nxb3 15.Nxb3 Qc7 16.Rd2 
Rbc8 17.Rad1 a5 18.Nd4 a4 19.Nb5 Qc6 20.Qxc6 bxc6 
21.Na3 Rcb8 22.Nc4 Rb5 23.Na3 Rb7 24.Nc4 Reb8 
25.Rc2 Nd5 26.Bg3 a3 27.bxa3 Nxc3 28.Rdc1 Nd5 
29.e4 Nf6 30.e5 dxe5 31.Nxe5 Ne4 32.Nxc6 Ra8 
33.Bh2 f5 34.f3 Nf6 35.Re1 Kf8 36.Rd2 Rxa3 37.Rd8+ 
Ne8 38.Bd6 Bf6 1-0

[Event "HCL-C4016"]
[Site "www.playchess.de"]
[Date "2006.01.25"]
[Round "28"]
[White "foxcar"]
[Black "Viking"]
[WhiteElo "1202"]
[BlackElo "980"]
[PlyCount "48"]
[Result "1-0"]

1.d4 {hi good luck}  Nf6 {Thanks, same to you!}  
2.Bg5 Ne4 3.Bf4 e6 4.f3 Nf6 5.e3 d5 6.Bb5+ Nc6 
7.Nd2 a6 8.Ba4 Bd7 9.Nh3 Be7 10.Ng5 O-O 11.c4 Bb4 
12.a3 Ba5 13.b4 e5 14.dxe5 Nh5 15.Qb1 g6 16.bxa5 
Rb8 17.cxd5 Nxa5 18.Nde4 Bxa4 19.g4 Nxf4 20.exf4 
Qxd5 21.Nf6+ Kg7 22.Nxd5 Nc6 23.Qe4 Nd8 24.Qxa4 
Nc6 1-0

[Event "HCL-C4060"]
[Site "www.playchess.de"]
[Date "2006.01.25"]
[Round "1"]
[White "ama49"]
[Black "Farquhart"]
[WhiteElo "1190"]
[BlackElo "592"]
[PlyCount "43"]
[Result "1-0"]

1.e4 e5 2.Nf3 Nc6 3.d4 f6 4.dxe5 fxe5 5.Nc3 Nf6 
6.Bg5 h6 7.Bh4 g5 8.Bg3 Bb4 9.Qd3 d6 10.O-O-O Bg4 
11.Be2 Rg8 12.a3 Bc5 13.Na4 Bd4 14.Nxd4 exd4 
15.Bxg4 Nxg4 16.h3 Nge5 17.Bxe5 Nxe5 18.Qxd4 Qf6 
19.Rhf1 O-O-O 20.f3 Kb8 21.Qd5 c6 
22.Qd4 1-0

[Event "HCL-A2454"]
[Site "www.playchess.de"]
[Date "2006.01.25"]
[Round "13"]
[White "tiit145"]
[Black "alldrix"]
[WhiteElo "1554"]
[BlackElo "1647"]
[PlyCount "80"]
[Result "0-1"]

1.e4 {Hello!Greetings from Tallinn}  e6 {greetings 
from Aracaju}  2.h4 d5 3.e5 c5 4.Bb5+ Bd7 5.Nc3 
Nc6 6.Bxc6 Bxc6 7.d4 cxd4 8.Qxd4 Ne7 9.Bg5 h6 
10.Bxe7 Bxe7 11.O-O-O Qa5 12.Qg4 O-O 13.f4 Bb4 
14.Nge2 Rac8 15.Kb1 Rc7 16.f5 {Happy New Year! 
Tiit}  exf5 17.Qxf5 Bd7 {for you too!!}  18.Qf3 
Be6 19.Nxd5 Bxd5 20.Rxd5 Qa4 21.Qe4 Qc6 22.Nd4 Qc4 
23.b3 Qc3 24.Nb5 Qc6 25.Nxc7 Ba3 26.Nb5 Be7 
27.Nxa7 Qa6 28.Nb5 f5 29.Qc4 Kh7 30.g4 f4 31.a4 f3 
32.Qe4+ Kh8 33.g5 h5 34.Nc7 Qc6 35.e6 Qxc7 36.Qg6 
f2 37.Qxh5+ Kg8 38.g6 f1Q+ 39.Rxf1 Rxf1+ 40.Ka2 
Qxc2+ 0-1

[Event "HCL-B3828"]
[Site "www.playchess.de"]
[Date "2006.01.25"]
[Round "1"]
[White "ama49"]
[Black "rosnahmegatibrahim"]
[WhiteElo "1135"]
[BlackElo "1200"]
[PlyCount "23"]
[Result "1-0"]

1.e4 {Greetings from Scotland}  e5 {hello! i am 
from malaysia.}  2.Nf3 d6 3.d4 exd4 4.Nxd4 Bd7 
5.Nc3 Nf6 6.Bg5 Be7 7.Qd3 O-O 8.O-O-O Ng4 9.Bxe7 
Qxe7 10.Qg3 Qg5+ 11.f4 Qg6 12.Bd3 1-0

[Event "HCL-B3735"]
[Site "www.playchess.de"]
[Date "2006.01.25"]
[Round "12"]
[White "King_Slayer"]
[Black "ama49"]
[WhiteElo "1268"]
[BlackElo "1155"]
[PlyCount "137"]
[Result "1-0"]

1.d4 Nf6 {Hello again
}  2.c4 {Hi :-)}  d5 3.Nc3 dxc4 4.e4 Nc6 5.d5 Ne5 
6.Bf4 Qd6 7.Bxc4 Bg4 8.f3 Bh5 9.Bb3 e6 10.Nb5 Qb4+ 
11.Nc3 O-O-O 12.Bxe5 Be7 13.Qc2 Bg6 14.Nge2 Bd6 
15.Bd4 e5 16.Bf2 a6 17.O-O Rhe8 18.a3 Qa5 19.Ba4 
Re7 20.b4 Bxb4 21.axb4 Qxb4 22.Bb5 axb5 23.Ra8+ 
Kd7 24.Rxd8+ Kxd8 25.Rb1 Qc4 26.Rxb5 b6 27.Qa4 
Qxa4 28.Nxa4 Nd7 29.d6 cxd6 30.Nxb6 Nxb6 31.Rxb6 
Rd7 32.h3 f5 33.exf5 Bxf5 34.Ra6 Bd3 35.Ra8+ Ke7 
36.Nc3 Bc4 37.Rh8 h6 38.Ne4 d5 39.Nc5 Rc7 40.Na4 
d4 41.Bh4+ Kf7 42.Bg3 Re7 43.Nb2 Bd5 44.Nd3 e4 
45.Ne5+ Kf6 46.Bh4+ Kxe5 47.Bxe7 exf3 48.gxf3 Bxf3 
49.Re8 d3 50.Bb4+ Kf4 51.Kh2 Be4 52.Bd2+ Kf3 
53.Re7 g5 54.Re6 Bf5 55.Rxh6 Ke2 56.Bxg5 d2 
57.Bxd2 Kxd2 58.h4 Ke3 59.Kg3 Ke4 60.h5 Ke5 61.Ra6 
Be6 62.Kh4 Kf6 63.h6 Kf7 64.h7 Kg7 65.Rxe6 Kxh7 
66.Rf6 Kg7 67.Kg5 Kg8 68.Kh6 Kh8 
69.Rf8+ 1-0

[Event "HCL-E1521"]
[Site "www.playchess.de"]
[Date "2006.01.25"]
[Round "10"]
[White "blackburne"]
[Black "Matu"]
[WhiteElo "1679"]
[BlackElo "1532"]
[PlyCount "60"]
[Result "0-1"]

1.e4 {hallo aus Herne. Wir haben im Februar schon 
mal gegeneinander gespielt. Eine spannende Partie 
wünsche ich.}  c6 {hallo aus Amberg. Viel Spass 
und möge der Bessere gewinnen.}  2.d4 {oder die 
bessere! Ich hatte bei unserer ersten Partie nicht 
erwähnt, dass ich eine Schachspielerin bin oder? 
Wo ist denn Amberg?}  d5 {Amberg liegt zwischen 
Nürnberg und Regensburg im schönen Bayern!!}  3.e5 
{und Herne ist im schönen Ruhrgebiet zwischen 
Dortmund und Essen zu finden.}  Bf5 4.g4 Be4 5.f3 
Bg6 6.h4 h6 7.h5 Bh7 8.e6 Qd6 9.exf7+ Kxf7 10.Nh3 
Qg3+ 11.Nf2 Nf6 12.Bd3 Bxd3 13.Qxd3 Qd6 14.Qg6+ 
Kg8 15.Nc3 Nbd7 16.Be3 Ne8 17.Qf5 e6 18.Qd3 e5 
19.O-O-O Nef6 20.Qf5 Re8 21.Rhe1 Qe6 22.Qd3 Bb4 
23.a3 Bxc3 24.Qxc3 Qf7 25.dxe5 Rxe5 26.Bd4 Rxe1 
27.Rxe1 a6 28.Qe3 Kh7 29.Qd3+ Kg8 30.Nh3 
c5 0-1

[Event "HCL-E1561"]
[Site "www.playchess.de"]
[Date "2006.01.25"]
[Round "10"]
[White "mrchess"]
[Black "chess50"]
[WhiteElo "1418"]
[BlackElo "2155"]
[PlyCount "22"]
[Result "0-1"]

1.d4 {good luck}  d5 2.e3 Nf6 3.Bd3 c5 4.c3 Nc6 
5.Nd2 e5 6.dxe5 Nxe5 7.Bb5+ Bd7 8.Bxd7+ Qxd7 
9.Ngf3 Nd3+ 10.Ke2 Qb5 11.Qb3 Nxc1+ 0-1

[Event "HCL-E1514"]
[Site "www.playchess.de"]
[Date "2006.01.25"]
[Round "14"]
[White "Tarrega"]
[Black "richard"]
[WhiteElo "1541"]
[BlackElo "1736"]
[PlyCount "70"]
[Result "0-1"]

1.c4 {Hello richard and lets have a good game}  f5 
2.g3 Nf6 3.Bg2 g6 4.Nc3 Bg7 5.d3 O-O 6.e4 fxe4 
7.dxe4 d6 8.Nge2 c6 9.O-O e5 10.Bg5 Nbd7 11.Qd2 
Qc7 12.Rad1 Nb6 13.b3 Ne8 14.Bh6 Be6 15.Bxg7 Qxg7 
16.f4 Nd7 17.Rf2 a6 18.Rdf1 b5 19.f5 Bf7 20.Bh3 g5 
21.g4 bxc4 22.b4 Ndf6 23.Ng3 Qh6 24.Kg2 Qh4 25.Qe2 
h5 26.Nxh5 Bxh5 27.gxh5 g4 28.Kh1 Qxh3 29.Nd1 Qd3 
30.Qxd3 cxd3 31.Nc3 Rb8 32.a3 c5 33.bxc5 dxc5 
34.Rg1 Kh7 35.h3 Rb3 0-1

[Event "HCL-B3829"]
[Site "www.playchess.de"]
[Date "2006.01.25"]
[Round "8"]
[White "garden"]
[Black "kolmar"]
[WhiteElo "1078"]
[BlackElo "1007"]
[PlyCount "58"]
[Result "0-1"]

1.e4 e6 2.d3 Nc6 3.a3 Nf6 4.Bg5 Be7 5.Bxf6 Bxf6 
6.c3 O-O 7.d4 e5 8.d5 Ne7 9.Nd2 d6 10.Ngf3 c6 
11.c4 Bd7 12.h3 h6 13.Qb3 Qc8 14.Bd3 c5 15.O-O Ng6 
16.Be2 Nf4 17.Ne1 Nxe2+ 18.Kh2 Bg5 19.Ndf3 Nd4 
20.Qd1 f5 21.Nd2 Bxd2 22.Qxd2 Nb3 23.Qd1 Nxa1 
24.Qxa1 fxe4 25.Nc2 Rf4 26.Ne3 Rh4 27.g4 Bxg4 
28.Nxg4 Qxg4 29.Rh1 Rxh3+ 0-1